1783 1998 1406 1116 1771 1704 1061 1413 1670 1520 1300 1561 1626 1421 1622 1772 1741 1188 1889 1302 1122 1036 1372 1141 1989 1955 1507 1544 1904 1602 1155 1931 1143 1043 1423 1690 1353 1730 1176 1767 1533 1453 1236 1173 1963 1665 1149 1014 1714 1324 1404 1683 1741 1482 1284 1082 1969 1858 1533 1344 1806 1613 1604 1248 1686 1454 1587 1846 1550 1245 1576 1650 1864 1750 1538 1892 1103 1299 1132 1024 1119 1907 1617 1033 1080 2000 1607 1200 1156 1868 1043 1039 1264 1855 1887 1214 1358 1712 1874 BCNSPRNW ULIB Ver.6.0+V

เปลี่ยนเป็นภาษาไทย

Change to English
 แสดงรายละเอียดบรรณานุกรม
  กลับหน้าหลัก

Brief Record : Get Marc (ISO 2709) : E-mail record : QR code < ปิดหน้าต่าง
LEADER : 00000nam 2200000uu 4500
001    13399129083
003     ULIB
008    250716s2565||||th 000 0 tha d
020    ^a9786169275459
050  4 ^aBF575.H27^bว583จ
100 0  ^aวิทยากร เชียงกูล.
245 1  ^aจิตวิทยา เจริญวัยอย่างมีความสุข /^cวิทยากร เชียงกูล, เรียบเรียง.
250    ^aพิมพ์ครั้งที่ 1.
260    ^aกรุงเทพฯ :^bมูลนิธิเพื่อนหนังสือ,^c2565.
300    ^a213 หน้า :^bภาพประกอบ.
505 0  ^aจากวัยรุ่นไปสู่ผู้ใหญ่ที่มีวุฒิภาวะ -- เข้าใจและอยู่ร่วมกับผู้สูงวัยในโลกยุคใหม่ -- เจริญวัยอย่างมีสุขภาวะ -- ปัจจัยที่ช่วยให้เจริญวัยได้อย่างมีความสุข -- วัยเกษียณ การเล่น และการสร้างสรรค์ -- ภูมิปัญญา ความรัก ความหวัง ศรัทธา และบุคลิกภาพ -- ผู้สูงวัยที่สง่างาม พวกเขาทำอย่างไร -- ยุทธวิธีเพื่อการเจริญวัยอย่างประสบความสำเร็จ -- ศาสตร์ว่าด้วยการชราและฉลาดขึ้น -- ข้อได้เปรียบ (ในบางเรื่อง) ของผู้สูงวัย -- แนวทางในการเพิ่มความสุขเมื่อคุณอายุมากขึ้น -- แนวปฏิบัติเพื่อการมีสุขภาวะที่ดี -- ว่าด้วยการสูงวัย - ซิเซโร่ -- ว่าด้วยความสั้นของชีวิต - เซเนก้า -- วิธีสูงวัยอย่างมีความสุข - เบอร์ทรันด์ รัสเซล -- ทัศนะเรื่องวัยต่างๆ - เฮนรี่ มิลเลอร์ -- ว่าด้วยการสูงวัยและการรู้สึกขอบคุณ - โอลิเวอร์ แซคส์ -- คนหนุ่มสาว - แซมมวล อุลแมน.
650  4 ^aการดำเนินชีวิต
650  4 ^aการดำเนินชีวิต^xแง่จิตวิทยา
650  4 ^aการเปลี่ยนตามวัย^xแง่จิตวิทยา
650  4 ^aความสุข.
650  4 ^aความสุข^xแง่จิตวิทยา
650  4 ^aจิตวิทยาประยุกต์.
650  4 ^aวัยสูงอายุ^xจิตวิทยา
653    ^aคณะศึกษาศาสตร์^bสาขาวิชาจิตวิทยาการให้คำปรึกษา.
945    ^p230^l0^i011797
945    ^p230^l0^i011798
945    ^p230^l0^i011799
945    ^p230^l0^i011800
945    ^p230^l0^i011801
999    ^aประนอม เกษจรัล
รายการนี้ยังไม่มีแท็ก
คุณยังไม่ได้ล็อกอิน คุณสามารถมีกิจกรรมร่วมกับเว็บไซต์ได้ แต่ต้องล็อกอินก่อน ::
  ล็อกอิน

รายการสื่อสารสนเทศ

ลำดับที่ ประเภท เลขเรียก/บาร์โค้ด สถานที่ สถานะ
1. การศึกษาทั่วไป
การศึกษาทั่วไป
BF575.H27 ว583จ ฉ.1 
  Barcode: 011797
ห้องสมุดวิทยาเขตสวรรค์ประชารักษ์
►หนังสือทั่วไป
บนชั้น
2. การศึกษาทั่วไป
การศึกษาทั่วไป
BF575.H27 ว583จ ฉ.2 
  Barcode: 011798
ห้องสมุดวิทยาเขตสวรรค์ประชารักษ์
►หนังสือทั่วไป
บนชั้น
3. การศึกษาทั่วไป
การศึกษาทั่วไป
BF575.H27 ว583จ ฉ.3 
  Barcode: 011799
ห้องสมุดวิทยาเขตสวรรค์ประชารักษ์
►หนังสือทั่วไป
บนชั้น
4. การศึกษาทั่วไป
การศึกษาทั่วไป
BF575.H27 ว583จ ฉ.4 
  Barcode: 011800
ห้องสมุดวิทยาเขตสวรรค์ประชารักษ์
►หนังสือทั่วไป
บนชั้น
5. การศึกษาทั่วไป
การศึกษาทั่วไป
BF575.H27 ว583จ ฉ.5 
  Barcode: 011801
ห้องสมุดวิทยาเขตสวรรค์ประชารักษ์
►หนังสือทั่วไป
บนชั้น

รายการใกล้เคียง
    หัวเรื่อง [การดำเนินชีวิต]
    หัวเรื่อง [ความสุข.]
    หัวเรื่อง [จิตวิทยาประยุกต์.]

BibComment


ยังไม่เคยถูกคอมเมนท์

คอมเมนท์ทรัพยากรรายการนี้
  คอมเมนท์: จิตวิทยา เจริญวั..


 Copyright 2026. Bcnsprnw @Library